Perspectives on the life and works of Gabriel García Márquez : (Record no. 1429607)

MARC details
000 -LEADER
fixed length control field 00411cam a22001458i 4500
005 - DATE AND TIME OF LATEST TRANSACTION
control field 20250620132243.0
008 - FIXED-LENGTH DATA ELEMENTS--GENERAL INFORMATION
fixed length control field 230123s2023 mdu b 001 0deng
020 ## - INTERNATIONAL STANDARD BOOK NUMBER
International Standard Book Number 9781666916331
040 ## - CATALOGING SOURCE
Transcribing agency SDCL
084 ## - COLON CLASSIFICATION NUMBER
Classification number O-,3 R3
100 1# - MAIN ENTRY--PERSONAL NAME
Personal name Arango, Gustavo
245 10 - TITLE STATEMENT
Title Perspectives on the life and works of Gabriel García Márquez :
Remainder of title Caribbean troubadour
300 ## - PHYSICAL DESCRIPTION
Extent xxv,193p.
942 ## - ADDED ENTRY ELEMENTS (KOHA)
Source of classification or shelving scheme Colon Classification (CC)
Koha item type Textual
100 1# - MAIN ENTRY--PERSONAL NAME
-- 809608
999 ## -
-- 1429607
-- 1429607
Holdings
Withdrawn status Lost status Source of classification or shelving scheme Damaged status Not for loan Home library Current library Date acquired Source of acquisition Inventory number Total checkouts Full call number Barcode Date last seen Price effective from Koha item type
    Colon Classification (CC)     South Campus Library South Campus Library 2025-05-22 Shivam Book Service 121, 02/01/2025, UKP 73.00   O-,3 R3 SC1691012 2025-05-22 2025-05-22 Textual
Copyright @ Delhi University Library System